[Event "Bundesliga 1920"]
[Site "Germany"]
[Date "2021.10.13"]
[Round "13.4"]
[White "Prusikin, Michael"]
[Black "Dragnev, Valentin"]
[Result "1/2-1/2"]
[WhiteElo "2522"]
[BlackElo "2550"]
[PlyCount "72"]
[EventDate "2019.11.23"]
[EventType "team-tourn"]
[EventRounds "15"]
[EventCountry "GER"]
[SourceTitle "EXT 2022"]
[Source "ChessBase"]
[SourceDate "2021.10.06"]
[SourceVersion "1"]
[SourceVersionDate "2021.10.06"]
[SourceQuality "1"]
[WhiteTeam "Augsburg"]
[BlackTeam "Bayern Muenchen"]
[WhiteTeamCountry "GER"]
[BlackTeamCountry "GER"]

1. e4 c5 2. Nf3 d6 3. Bb5+ Nd7 4. c4 Ngf6 5. Nc3 g6 6. d3 Bg7 7. h3 0-0 8. Ba4 Nb8 9. Be3 Bd7 10. Bb3 Nc6 11. 0-0 e5 12. Ba4 Ne8 13. Nh2 Nc7 14. f4 f5 15. fxe5 Nxe5 16. Bxd7 Qxd7 17. Qd2 fxe4 18. Nxe4 b6 19. Bg5 Qe6 20. b3 d5 21. Nc3 Qd7 22. Rad1 b5 23. Nxb5 Nxb5 24. cxb5 Qxb5 25. Bf4 Rae8 26. Bxe5 Bxe5 27. Ng4 Bg7 28. Rxf8+ Rxf8 29. Qg5 Qd7 30. Ne3 Bd4 31. Kh1 Bxe3 32. Qxe3 d4 33. Qe5 Rf5 34. Qb8+ Rf8 35. Qe5 Rf5 36. Qb8+ Rf8 1/2-1/2

[Event "SUI-chT"]
[Site "Switzerland"]
[Date "2021.10.10"]
[Round "3.2"]
[White "Prusikin, Michael"]
[Black "Heimann, Andreas"]
[Result "1/2-1/2"]
[WhiteElo "2543"]
[BlackElo "2583"]
[PlyCount "58"]
[EventDate "2021.08.29"]
[EventType "team-tourn"]
[EventRounds "9"]
[EventCountry "SUI"]
[SourceTitle "EXT 2023"]
[Source "ChessBase"]
[SourceDate "2022.10.05"]
[SourceVersion "1"]
[SourceVersionDate "2022.10.05"]
[SourceQuality "1"]
[WhiteTeam "Wollishofen"]
[BlackTeam "Riehen"]
[WhiteTeamCountry "SUI"]
[BlackTeamCountry "SUI"]

1. e4 e5 2. Nf3 Nc6 3. d4 exd4 4. Nxd4 Nf6 5. Nc3 Bb4 6. Nxc6 bxc6 7. Bd3 d5 8. exd5 0-0 9. 0-0 Bg4 10. f3 Bh5 11. dxc6 Qd4+ 12. Kh1 Bxc3 13. bxc3 Qxc3 14. Bd2 Qxc6 15. Qe1 Bg6 16. Qg3 Rfe8 17. Rae1 Bxd3 18. cxd3 Nd5 19. Re4 Re6 20. Rxe6 Qxe6 21. Re1 Qf5 22. Re4 f6 23. Qe1 Qd7 24. Qb1 c6 25. h3 Qc7 26. Qe1 Qd7 27. Qb1 Qc7 28. Qe1 Qd7 29. Qb1 Qc7 1/2-1/2

[Event "Mulhouse GM"]
[Site "Mulhouse"]
[Date "2021.06.26"]
[Round "5"]
[White "Georgiev, Kiril"]
[Black "Prusikin, Michael"]
[Result "1/2-1/2"]
[WhiteElo "2594"]
[BlackElo "2547"]
[PlyCount "24"]
[EventDate "2021.06.26"]
[EventType "tourn"]
[EventRounds "9"]
[EventCountry "FRA"]
[EventCategory "10"]
[SourceTitle "CBM 203 Extra"]
[Source "ChessBase"]
[SourceDate "2021.09.30"]
[SourceVersion "1"]
[SourceVersionDate "2021.09.30"]
[SourceQuality "1"]

1. d4 d5 2. c4 e6 3. Nc3 Nf6 4. Nf3 a6 5. cxd5 exd5 6. Bf4 Bd6 7. Bg3 0-0 8. e3 Bf5 9. Be2 Re8 10. Rc1 Bxg3 11. hxg3 Qd6 12. 0-0 Nbd7 1/2-1/2